Guess the Movie from the Characters #5 - Statistics

General Stats
  • This quiz has been taken 39 times
  • The average score is 2 of 10
Answer Stats
Hint Answer % Correct
Simba / Scar / Mufasa / Pumbaa The Lion King
100%
Norman Bates / Lila Crane / Sam Loomis / Marion Crane Psycho
43%
Commander Jim Lovell / Lunar Module Pilot Fred Haise / Command Module Pilot Jack Swigert / Command Module Pilot Ken Mattingly Apollo 13
32%
Rick Deckard / Roy Batty / Rachael / Gaff Blade Runner
19%
Monsieur Gustave H. / Zero Moustafa / Dmitri Desgoffe-und-Taxis / J. G. Jopling The Grand Budapest Hotel
19%
Elinor Dashwood / Edward Ferrars / Marianne Dashwood / Colonel Brandon Sense and Sensibility
16%
Chris Washington / Rose Armitage / Dean Armitage / Jeremy Armitage Get Out
5%
Chris Taylor / Sgt. Elias / Staff Sgt. Barnes / Big Harold Platoon
5%
Mary Jensen / Pat Healy / Ted Stroehmann / (Tucker) Norm Phipps There's Something About Mary
5%
Aron Ralston / Kristi Moore / Megan McBride / Rana 127 Hours
3%
No matching quizzes found
Score Distribution
Percent of People with Each Score
Percentile by Number Answered
Your Score History
You have not taken this quiz